000 01158nam a2200301 i 4500
003 EG-GICUC
005 20260121101635.0
008 260101s1973 uk ||||fr|||| 001 0 eng d
040 _aEG-GiCUC
_beng
_cEG-GiCUC
_dEG-GiCUC
_eRda
041 _aeng
082 0 4 _221
_a341.280569
_bCA . P
092 0 4 _221
099 _aLaw1 11 341.280569 CA . P 1973
100 1 _aCattan, Henry.
_eAuthor.
245 1 3 _aPalestine And International Law :
_bThe Legal Aspects Of The Arab-israeli Conflict /
_cHenry Cattan ; With A Foreword To The First Edition By Dr W. T. Mallison, Jr.
264 1 _aLondon ;
_aNew York :
_bLongman,
_c1973.
300 _axiv, 242 pages ;
_c24 cm.
336 _2rda contenu
_a texte
337 _2rda medias
_aOrdinateur
338 _2 transporteur rda
_a Ressource en ligne
504 _aIncludes bibliographical references And Index
546 _aText in English
650 1 _aTerritoires non autonomes -- Statut international
_xDroit international public
_zPalestine
_zIsrael
700 1 _aMallison, W. T.
_eContributor
856 4 0 _uhttps://fll.law.cu.edu.eg/fulltext/bks/B11-06642.pdf
905 _a75
942 _2ddc
_n0
_cBK
_e21
999 _c53828
_d53828